[Event "Blindfold World Cup"]
[Site "Bilbao ESP"]
[Date "2007.10.18"]
[Round "5"]
[White "Bu Xiangzhi"]
[Black "Topalov, Veselin"]
[Result "1-0"]
[WhiteElo "2692"]
[BlackElo "2769"]
[EventDate "2007.10.16"]

1.Cf3 g6 2.c4 Fg7 3.d4 c5 4.e4 d6 5.Fe2 Cc6 6.d5 Cd4 7.Cxd4 cxd4 8.O-O e5 
9.dxe6 Fxe6 10.Ca3 Db6 11.Ff4 a6 12.Da4+ Rf8 13.c5 dxc5 14.Cc4 Fxc4 15.
Dxc4 Ce7 16.Tac1 Tc8 17.Fg4 Td8 18.Dxc5 Dxc5 19.Txc5 d3 20.Tc7 h5 21.Fd7 
Cc6 22.Txb7 Ce5 23.Fxe5 Fxe5 24.Td1 Fxb2 25.Txd3 Fe5 26.Td5 f6 27.Fe6 Txd5
28.exd5 h4 29.Tf7+ Re8 30.Ta7 Tf8 31.h3 f5 32.Rf1 Tf6 33.Re2 g5 34.Rd3 g4 
35.Rc4 gxh3 36.gxh3 Tg6 37.Ff7+ 1-0

[Event "Blindfold World Cup"]
[Site "Bilbao ESP"]
[Date "2007.10.18"]
[Round "6"]
[White "Topalov, Veselin"]
[Black "Bu Xiangzhi"]
[Result "1/2-1/2"]
[WhiteElo "2769"]
[BlackElo "2692"]
[EventDate "2007.10.16"]

1.Cf3 d5 2.c4 c6 3.d4 Cf6 4.Cc3 dxc4 5.a4 Ff5 6.e3 e6 7.Fxc4 Fb4 8.O-O 
Cbd7 9.De2 O-O 10.e4 Fg6 11.Fd3 Fh5 12.e5 Cd5 13.Cxd5 cxd5 14.De3 Fe7 15.
Cg5 Fxg5 16.Dxg5 Fg6 17.Fe2 Cb8 18.Dxd8 Txd8 19.Fd2 Cc6 20.Fc3 Tdc8 21.a5 
a6 22.Tfe1 Ca7 23.Fb4 Cc6 24.Fc3 Ca7 25.h4 Cb5 26.h5 Fc2 27.Fxb5 axb5 28.
Te2 Ff5 29.Te3 Tc4 30.b3 Tc6 31.Fb4 h6 32.f3 Tac8 33.g4 Tc1+ 34.Te1 Txe1+ 
35.Txe1 Fd3 36.Fc5 Ta8 37.Te3 Fb1 38.b4 Tc8 39.Rf2 g6 40.Te1 Fc2 41.Tc1 
Fb3 42.Th1 Rh7 43.Re3 Fc4 44.f4 Tg8 45.hxg6+ Txg6 46.g5 Rg8 47.Fe7 hxg5 
48.fxg5 Tg7 49.Rf4 Th7 50.Th6 Fd3 51.Ff6 Fg6 52.Rg3 Rf8 53.Rf4 Re8 54.Rg4 
Rd7 55.Txh7 Fxh7 56.Rh5 Re8 57.Rh6 Fg6 58.Rg7 Ff5 59.Rg8 1/2-1/2

[Event "Blindfold World Cup"]
[Site "Bilbao ESP"]
[Date "2007.10.19"]
[Round "7"]
[White "Topalov, Veselin"]
[Black "Karjakin, Sergey"]
[Result "0-1"]
[WhiteElo "2769"]
[BlackElo "2694"]
[EventDate "2007.10.16"]

1.e4 e5 2.Cf3 Cc6 3.Fb5 a6 4.Fa4 Cf6 5.O-O Fe7 6.d3 b5 7.Fb3 d6 8.a4 Tb8 
9.axb5 axb5 10.h3 O-O 11.Fe3 h6 12.Cbd2 Cb4 13.Te1 c5 14.Cf1 Fe6 15.Fxe6 
fxe6 16.Cg3 Dd7 17.c3 Cc6 18.Dd2 Cd8 19.d4 exd4 20.cxd4 c4 21.d5 exd5 22.
e5 0-1

[Event "Blindfold World Cup"]
[Site "Bilbao ESP"]
[Date "2007.10.19"]
[Round "8"]
[White "Karjakin, Sergey"]
[Black "Topalov, Veselin"]
[Result "0-1"]
[WhiteElo "2694"]
[BlackElo "2769"]
[EventDate "2007.10.16"]

1.e4 c5 2.Cf3 Cc6 3.Fb5 Cf6 4.Cc3 g6 5.Fxc6 dxc6 6.h3 Fg7 7.d3 O-O 8.Fe3 
b6 9.Dd2 e5 10.Fh6 Dd6 11.Fxg7 Rxg7 12.O-O-O a5 13.g4 a4 14.Ce2 Ta7 15.Cg3
Te7 16.g5 Ce8 17.Dc3 Cc7 18.Tdf1 Cb5 19.Dd2 a3 20.b3 f6 21.c4 Cd4 22.gxf6+
Txf6 23.Ce1 Cf3 24.De3 Cxe1 25.Txe1 Tef7 26.Thg1 Tf3 27.Ch5+ Rh8 28.Dh6 
Dxd3 29.Te3 Txe3 30.fxe3 Dc3+ 31.Rd1 Da1+ 0-1

[Event "Blindfold World Cup"]
[Site "Bilbao ESP"]
[Date "2007.10.20"]
[Round "9"]
[White "Carlsen, M"]
[Black "Topalov, Veselin"]
[Result "1-0"]
[WhiteElo "2714"]
[BlackElo "2769"]
[EventDate "2007.10.16"]

1.d4 Cf6 2.c4 e6 3.Cf3 d5 4.g3 Fb4+ 5.Cc3 dxc4 6.Fg2 Cc6 7.a3 Fe7 8.Da4 
O-O 9.Dxc4 e5 10.d5 Ca5 11.Da4 c6 12.b4 Cc4 13.dxc6 Dc7 14.O-O bxc6 15.Cd2
Cxd2 16.Fxd2 Fd7 17.Da6 Db6 18.Dc4 Dd4 19.Dxd4 exd4 20.Ca4 Cd5 21.Tac1 
Tfe8 22.Tfd1 Tad8 23.Ff3 Ff6 24.Cc5 Fc8 25.Ce4 Fe5 26.Txc6 h6 27.Tdc1 Fb7 
28.T6c2 Fc8 29.h4 Fd7 30.Tc5 Fe6 31.Ta5 Fb8 32.Cc5 Fc8 33.Cd3 Cb6 34.Ff4 
Fxf4 35.Cxf4 Te7 36.Cd5 Te5 37.Cxb6 Rf8 1-0

[Event "Blindfold World Cup"]
[Site "Bilbao ESP"]
[Date "2007.10.20"]
[Round "10"]
[White "Topalov, Veselin"]
[Black "Carlsen, M"]
[Result "1/2-1/2"]
[WhiteElo "2769"]
[BlackElo "2714"]
[EventDate "2007.10.16"]

1.d4 Cf6 2.Cf3 e6 3.c4 b6 4.g3 Fb7 5.Fg2 Fe7 6.O-O O-O 7.Ff4 d5 8.Cc3 dxc4
9.Da4 Cbd7 10.Dxc4 c5 11.Tfd1 cxd4 12.Dxd4 Cc5 13.De3 De8 14.Ce5 Fxg2 15.
Rxg2 Tc8 16.Df3 b5 17.Tac1 b4 18.Cb1 Cd5 19.Cd2 Da4 20.Cec4 Cxf4+ 21.gxf4 
Tfd8 22.f5 exf5 23.Dxf5 g6 24.Df3 Ce6 25.b3 Db5 26.Ce4 Cg5 27.Cxg5 Dxg5+ 
28.Rf1 Rg7 29.e3 Db5 30.h3 a5 31.Rg2 a4 32.Txd8 Txd8 33.Td1 Txd1 34.Dxd1 
a3 35.Dd4+ Ff6 36.De4 Dd7 37.Df3 Dd3 38.e4 Dd4 39.De3 Dd7 40.e5 Fe7 41.De4
Dd1 42.e6 Dd8 43.exf7 Rxf7 44.Ce5+ Rf8 45.Dc4 De8 46.De6 Rg7 47.Cc6 Rf8 
48.Ce5 Rg7 49.Cc6 Rf8 50.Ce5 Rg7 51.Cc6 1/2-1/2

[Event "ETCC"]
[Site "Crete GRE"]
[Date "2007.10.28"]
[Round "1"]
[White "Topalov, Veselin"]
[Black "Sulskis, S"]
[Result "1/2-1/2"]
[WhiteElo "2769"]
[BlackElo "2527"]
[EventDate "2007.10.28"]

1.e4 c6 2.d4 d5 3.Cc3 dxe4 4.Cxe4 Ff5 5.Cg3 Fg6 6.h4 h6 7.Cf3 Cf6 8.Ce5 
Fh7 9.Fd3 Cbd7 10.Fxh7 Cxe5 11.dxe5 Dxd1+ 12.Rxd1 Cxh7 13.Re2 e6 14.Ce4 f5
15.Cd2 Fe7 16.h5 O-O-O 17.f4 Thg8 18.Cb3 g5 19.hxg6 Txg6 20.Th2 Cf8 21.Fe3
Cd7 22.Tg1 Cb6 23.Fxb6 axb6 24.g3 Fc5 25.Tgg2 Fd4 26.c3 Fc5 27.Th3 Fe7 28.
Tgh2 Ff8 29.Th1 b5 30.a3 Td7 31.Td1 Tdg7 32.Rf3 c5 33.Cc1 c4 34.Ce2 Fc5 
35.Thh1 Tg8 36.Td2 Rc7 37.Th3 T8g7 38.Th5 Rc8 39.Th1 Tg8 40.Ta1 h5 41.Th1 
Th6 42.Cd4 Td8 43.Thd1 Tg6 44.Cb3 Tdg8 45.Cxc5 Txg3+ 46.Rf2 Tg2+ 47.Re3 
T2g3+ 48.Rf2 Tg2+ 1/2-1/2

[Event "Chess Champions League"]
[Site "Vitoria Gasteiz ESP"]
[Date "2007.11.02"]
[Round "1"]
[White "Karpov, Ana"]
[Black "Topalov, Veselin"]
[Result "0-1"]
[WhiteElo "2670"]
[BlackElo "2769"]
[EventDate "2007.11.02"]

1.d4 Cf6 2.c4 e6 3.Cc3 Fb4 4.Dc2 d5 5.a3 Fxc3+ 6.Dxc3 dxc4 7.Dxc4 b6 8.Cf3
O-O 9.Fg5 Fa6 10.Dc2 c5 11.dxc5 bxc5 12.Td1 Da5+ 13.Fd2 Db6 14.Fc3 Cbd7 
15.e4 Fxf1 16.Rxf1 Db7 17.Te1 Ce8 18.h4 Cd6 19.Th3 Cb5 20.Tg3 f6 21.e5 f5 
22.Cg5 Tfe8 23.De2 Cf8 24.h5 h6 25.Ch3 Cc7 26.Dc4 Cd5 27.Fd2 Rh7 28.b3 Df7
29.De2 Tab8 30.Tc1 Cd7 31.a4 Tb7 32.Cf4 Cxf4 33.Fxf4 Teb8 34.Tcc3 Tb4 35.
Fd2 Th4 36.Rg1 Tbb4 37.f4 Te4 38.Df3 Txh5 39.Te3 Td4 40.Td3 Txd3 41.Dxd3 
Cb6 42.Dd6 Cd5 43.Td3 Cb4 44.Fxb4 cxb4 45.Dxb4 Th4 46.Th3 Tg4 47.Dd2 a5 
48.Df2 Dc7 0-1

[Event "Chess Champions League"]
[Site "Vitoria Gasteiz ESP"]
[Date "2007.11.03"]
[Round "2"]
[White "Topalov, Veselin"]
[Black "Kasimdzhanov, R"]
[Result "1-0"]
[WhiteElo "2769"]
[BlackElo "2690"]
[EventDate "2007.11.02"]

1.d4 Cf6 2.c4 e6 3.Cf3 b6 4.g3 Fa6 5.b3 Fb4+ 6.Fd2 Fe7 7.Fg2 c6 8.Fc3 d5 
9.Ce5 Ce4 10.O-O Cxc3 11.Cxc3 O-O 12.Tc1 Fb4 13.e3 De7 14.Te1 f6 15.Cd3 
Fa3 16.Tc2 dxc4 17.bxc4 Fxc4 18.Cb1 Fb5 19.Cxa3 Dxa3 20.Cf4 Te8 21.Dh5 Cd7
22.Fxc6 Fxc6 23.Txc6 Dxa2 24.Tc7 Te7 25.Tec1 e5 26.Df3 Td8 27.Cd5 Tf7 28.
Cc3 Db3 29.Tb1 De6 30.d5 De8 31.Txa7 f5 32.Rg2 Ta8 33.Tc7 Cc5 34.d6 e4 35.
Dd1 Cd3 36.Db3 Td8 37.Ta1 Rf8 38.Txf7+ Dxf7 39.Dxb6 Tc8 40.Ce2 Dh5 41.Cd4 
Cxf2 42.d7 1-0

[Event "Chess Champions League"]
[Site "Vitoria Gasteiz ESP"]
[Date "2007.11.04"]
[Round "3"]
[White "Nisipeanu, LD"]
[Black "Topalov, Veselin"]
[Result "1/2-1/2"]
[WhiteElo "2668"]
[BlackElo "2769"]
[EventDate "2007.11.02"]

1.e4 c5 2.Cf3 d6 3.d4 cxd4 4.Cxd4 Cf6 5.Cc3 a6 6.Fe3 e5 7.Cde2 Fe6 8.f4 
Cbd7 9.f5 Fc4 10.Cc1 d5 11.Fxc4 dxc4 12.Df3 b5 13.C1e2 b4 14.Cd5 Cxd5 15.
exd5 Cf6 16.O-O-O Fd6 17.g4 b3 18.cxb3 cxb3 19.Rb1 bxa2+ 20.Ra1 e4 21.Dg2 
Fe5 22.Fd4 Fxd4 23.Cxd4 O-O 24.d6 Db6 25.g5 Cd5 26.g6 fxg6 27.fxg6 Dxd6 
28.gxh7+ Rh8 29.Thg1 Df6 30.Dxe4 Tad8 31.Ce6 Tfe8 32.Txd5 1/2-1/2

[Event "ETCC"]
[Site "Crete GRE"]
[Date "2007.10.29"]
[Round "2"]
[White "Topalov, Veselin"]
[Black "Mamedyarov, S"]
[Result "1/2-1/2"]
[WhiteElo "2769"]
[BlackElo "2752"]
[EventDate "2007.10.28"]

1.d4 Cf6 2.c4 g6 3.Cc3 d5 4.cxd5 Cxd5 5.e4 Cxc3 6.bxc3 Fg7 7.Fc4 c5 8.Ce2 
Cc6 9.Fe3 cxd4 10.cxd4 Da5+ 11.Fd2 Dd8 12.d5 Ce5 13.Fc3 Fd7 14.Fb3 Tc8 15.
Tc1 Db6 16.Fa4 O-O 17.Fxd7 Cxd7 18.Fxg7 Rxg7 19.O-O Cf6 20.Dd3 e6 21.Tb1 
Da6 22.Dxa6 bxa6 23.dxe6 Cxe4 24.Tb4 Cc5 25.exf7 Txf7 26.Td1 Te7 27.Cf4 
Td8 28.Tbb1 Txd1+ 29.Txd1 g5 30.Ch5+ Rf7 31.f4 gxf4 32.Cxf4 Te4 33.g3 Tc4 
34.Td5 Tc2 35.Tf5+ Rg8 36.a3 Cd7 37.Td5 Cf6 38.Td8+ Rf7 39.Ta8 Tc7 40.Rg2 
a5 41.Tb8 Tc3 42.Tb7+ Rg8 43.a4 Tc4 44.Ce6 h6 45.Txa7 Txa4 46.Rf3 Te4 47.
Cc5 Te5 48.Txa5 Tf5+ 49.Re2 Te5+ 50.Rf3 Tf5+ 51.Re3 Rf7 52.Ta7+ Rg6 53.Cd3
Cg4+ 54.Re4 Cf2+ 55.Cxf2 Txf2 56.h3 1/2-1/2

[Event "ETCC"]
[Site "Crete GRE"]
[Date "2007.10.30"]
[Round "3"]
[White "Djukic, Ni"]
[Black "Topalov, Veselin"]
[Result "0-1"]
[WhiteElo "2528"]
[BlackElo "2769"]
[EventDate "2007.10.28"]

1.e4 c5 2.Cf3 d6 3.d4 cxd4 4.Cxd4 Cf6 5.Cc3 a6 6.Fe3 e5 7.Cb3 Fe6 8.f3 h5 
9.Dd2 Cbd7 10.O-O-O Dc7 11.Rb1 b5 12.Cd5 Fxd5 13.exd5 Cb6 14.Fxb6 Dxb6 15.
Da5 Cd7 16.c4 bxc4 17.Fxc4 g6 18.Dxb6 Cxb6 19.Ca5 Fh6 20.Td3 Rd7 21.Tb3 
Cxc4 22.Cxc4 Tab8 23.Txb8 Txb8 24.Rc2 f5 25.a3 Tc8 26.Rb3 Tc5 27.Td1 Rc7 
28.Td3 e4 29.fxe4 fxe4 30.Td1 e3 31.Rc3 Fg7+ 32.Rb3 Txd5 33.Te1 Tb5+ 34.
Rc2 d5 35.Txe3 Fd4 36.Te7+ Rd8 37.Te6 Rd7 38.Td6+ Rc7 39.b4 g5 40.h3 h4 
41.Rd2 Fa1 0-1

[Event "ETCC"]
[Site "Crete GRE"]
[Date "2007.10.31"]
[Round "4"]
[White "Kozul, Z"]
[Black "Topalov, Veselin"]
[Result "0-1"]
[WhiteElo "2609"]
[BlackElo "2769"]
[EventDate "2007.10.28"]

1.d4 Cf6 2.Cf3 d5 3.c4 e6 4.g3 Fb4+ 5.Fd2 Fe7 6.Fg2 O-O 7.O-O c6 8.Ff4 
Cbd7 9.Dc2 a5 10.Td1 h6 11.Ce1 b6 12.Cd2 Ch5 13.Fe5 Fa6 14.Cd3 Tc8 15.Tac1
Chf6 16.Fxf6 Cxf6 17.e3 Te8 18.cxd5 cxd5 19.Db1 Fd6 20.Ff1 Txc1 21.Txc1 
Db8 22.Tc2 Tc8 23.Cf3 Fb5 24.Dc1 Txc2 25.Dxc2 Fe8 26.Cde5 Ce4 27.Fa6 f6 
28.Cd3 Da8 29.Fc8 Cc5 30.dxc5 Dxc8 31.Dc3 bxc5 32.Dxa5 e5 33.Ch4 g5 34.Cg2
Fe7 35.Cc1 d4 36.Dd2 Fc6 37.Ce1 De6 38.Dc2 Rg7 39.e4 c4 40.b3 Fb4 41.Cf3 
Dg4 0-1

[Event "Chess Champions League"]
[Site "Vitoria Gasteiz ESP"]
[Date "2007.11.06"]
[Round "4"]
[White "Topalov, Veselin"]
[Black "Polgar, Ju"]
[Result "0-1"]
[WhiteElo "2769"]
[BlackElo "2708"]
[EventDate "2007.11.02"]

1.e4 e5 2.Cf3 Cf6 3.Cxe5 d6 4.Cf3 Cxe4 5.d4 d5 6.Fd3 Cc6 7.O-O Fe7 8.Cc3 
Ff5 9.Te1 Cxc3 10.bxc3 Fxd3 11.Dxd3 O-O 12.Tb1 Tb8 13.c4 Ff6 14.c3 dxc4 
15.Dxc4 Dd7 16.Ff4 Tbd8 17.h3 b6 18.Te4 Ca5 19.Dxc7 Dd5 20.Tbe1 Cc4 21.
Dxa7 Ta8 22.Dc7 Fd8 23.Te5 Fxc7 24.Txd5 Fxf4 25.Te2 Ta3 26.Tc2 Tfa8 27.Rf1
Rf8 28.Re2 Txa2 29.Txa2 Txa2+ 30.Rd3 Cd2 31.Ce5 Fxe5 32.Txe5 Cb3 33.c4 Ca5
34.c5 Cc6 0-1

[Event "Chess Champions League"]
[Site "Vitoria Gasteiz ESP"]
[Date "2007.11.07"]
[Round "5"]
[White "Ponomariov, R"]
[Black "Topalov, Veselin"]
[Result "1/2-1/2"]
[WhiteElo "2705"]
[BlackElo "2769"]
[EventDate "2007.11.02"]

1.d4 Cf6 2.c4 g6 3.Cc3 Fg7 4.e4 d6 5.Cf3 O-O 6.Fe2 e5 7.O-O Cc6 8.dxe5 
dxe5 9.Fg5 Fg4 10.Dxd8 Taxd8 11.Fxf6 Fxf6 12.Cd5 Fxf3 13.Fxf3 Fg5 14.Tad1 
Cd4 15.Cxc7 Tc8 16.Cb5 Txc4 17.Cxd4 Txd4 18.Txd4 exd4 19.Fe2 d3 20.Fxd3 
Td8 21.Td1 Tc8 22.g3 Tc1 23.Txc1 Fxc1 24.b3 a5 25.Rg2 b6 26.f4 g5 27.Rf3 
gxf4 28.gxf4 f6 29.Rg4 h6 30.Rf5 Rf7 31.Fc4+ Re7 32.h4 Fd2 33.h5 Fc1 34.a4
Fd2 35.e5 fxe5 36.fxe5 Fc1 37.Re4 1/2-1/2

[Event "Chess Champions League"]
[Site "Vitoria Gasteiz ESP"]
[Date "2007.11.09"]
[Round "6"]
[White "Topalov, Veselin"]
[Black "Karpov, Ana"]
[Result "1/2-1/2"]
[WhiteElo "2769"]
[BlackElo "2670"]
[EventDate "2007.11.02"]

1.d4 Cf6 2.c4 e6 3.Cc3 Fb4 4.Cf3 b6 5.Fg5 Fb7 6.Cd2 h6 7.Fh4 Fxc3 8.bxc3 
g5 9.Fg3 d6 10.e3 De7 11.h4 Tg8 12.hxg5 hxg5 13.Th6 Cbd7 14.Da4 Rd8 15.
O-O-O Df8 16.Th1 Th8 17.Txh8 Dxh8 18.f3 Ch5 19.Ff2 g4 20.e4 Re7 21.Fh4+ 
Chf6 22.Fg5 Tg8 23.Dxa7 Txg5 24.Dxb7 Db8 25.Dxb8 Cxb8 26.c5 bxc5 27.Cb3 
gxf3 28.gxf3 Tg3 29.Fe2 c4 30.Ca5 d5 31.exd5 exd5 32.Te1 Rf8 33.Rd2 Cfd7 
34.Tb1 Re7 35.a4 Tg6 36.Tb5 c6 37.Tb7 c5 38.dxc5 Ta6 39.Cb3 Rd8 40.Cd4 Rc8
41.Tb5 Cc6 42.Fd1 Rc7 43.Fc2 Ca7 44.c6 Cb6 45.a5 Cxb5 46.Cxb5+ Rxc6 47.
Cd4+ Rc5 48.axb6 Rxb6 49.Ff5 Rc5 50.Fg4 Ta2+ 51.Re3 Ta3 52.Rd2 Ta2+ 53.Re3
1/2-1/2

[Event "Chess Champions League"]
[Site "Vitoria Gasteiz ESP"]
[Date "2007.11.10"]
[Round "7"]
[White "Kasimdzhanov, R"]
[Black "Topalov, Veselin"]
[Result "1/2-1/2"]
[WhiteElo "2690"]
[BlackElo "2769"]
[EventDate "2007.11.02"]

1.d4 Cf6 2.c4 e6 3.Cf3 d5 4.Cc3 Fe7 5.Fg5 h6 6.Fh4 O-O 7.e3 b6 8.Fd3 Fb7 
9.O-O Cbd7 10.Fg3 c5 11.cxd5 Cxd5 12.Cxd5 Fxd5 13.e4 Fb7 14.Tc1 Cf6 15.
dxc5 Fxc5 16.De2 Ch5 17.Fe5 a5 18.Tfd1 De7 19.a3 Tfd8 20.h3 Cf6 21.Cd2 a4 
22.Fb1 Tac8 23.Cf3 Txd1+ 24.Txd1 Td8 25.Te1 Fc6 26.Fc3 De8 27.Ce5 Fb5 28.
Df3 De7 29.Tc1 Ch7 30.h4 Cf6 31.g3 Tc8 32.Te1 Td8 33.Rg2 Fe8 34.Tc1 Tc8 
35.Fd2 Td8 36.Fe3 Fxe3 37.Dxe3 Db7 38.g4 Db8 39.Dc3 Dd6 40.f3 Fb5 41.Dc7 
Dd2+ 42.Rg3 Fe8 43.Dc3 Dd6 44.Dc7 Dd2 45.Dc3 Dd6 46.Dc7 1/2-1/2

[Event "Chess Champions League"]
[Site "Vitoria Gasteiz ESP"]
[Date "2007.11.11"]
[Round "8"]
[White "Topalov, Veselin"]
[Black "Nisipeanu, LD"]
[Result "1-0"]
[WhiteElo "2769"]
[BlackElo "2668"]
[EventDate "2007.11.02"]

1.d4 d5 2.c4 dxc4 3.e4 e5 4.Cf3 exd4 5.Fxc4 Cc6 6.O-O Fe6 7.Fb5 Fc5 8.b4 
Fb6 9.a4 a6 10.Fxc6+ bxc6 11.Fb2 Cf6 12.a5 Fa7 13.Cbd2 O-O 14.Dc2 Cg4 15.
h3 Cf6 16.Ce5 Fd7 17.Tfe1 De7 18.Cdf3 c5 19.bxc5 Dxc5 20.Dd2 De7 21.Fa3 c5
22.Dxd4 Fb5 23.Dc3 Tfd8 24.Fb2 Ch5 25.Cc4 Tab8 26.Ce3 Dxe4 27.Cg4 Dg6 28.
Ch4 Dd3 29.De5 Dd5 30.Ch6+ Rh8 31.De7 Fc4 32.Tad1 Dxd1 33.Txd1 Txd1+ 34.
Rh2 Ta8 35.C4f5 f6 36.f4 Fd5 37.Cf7+ Fxf7 38.Dxf7 c4 39.Dxh5 Fg1+ 40.Rg3 
Td3+ 41.Rg4 Tf8 42.Ce7 Ff2 43.Cg6+ Rg8 44.Ce7+ Rh8 45.Cg6+ Rg8 46.Cxf8 
Tg3+ 47.Rf5 g6+ 48.Cxg6 hxg6+ 49.Dxg6+ Txg6 50.Rxg6 Fe1 51.Fxf6 1-0

[Event "Chess Champions League"]
[Site "Vitoria Gasteiz ESP"]
[Date "2007.11.13"]
[Round "9"]
[White "Topalov, Veselin"]
[Black "Ponomariov, R"]
[Result "1-0"]
[WhiteElo "2769"]
[BlackElo "2705"]
[EventDate "2007.11.02"]

1.d4 Cf6 2.c4 e6 3.Cc3 Fb4 4.e3 O-O 5.Fd3 c5 6.Cf3 d5 7.O-O dxc4 8.Fxc4 
Cbd7 9.Db3 cxd4 10.exd4 Fxc3 11.bxc3 b6 12.Cg5 Te8 13.Te1 Cf8 14.f3 Fb7 
15.Ff1 Tc8 16.Fb2 Dc7 17.c4 Ted8 18.Tac1 Df4 19.Ch3 Dc7 20.Cf2 Td7 21.Ce4 
Dd8 22.Cxf6+ Dxf6 23.d5 Dg5 24.Te4 Dd8 25.Dc3 f6 26.dxe6 Te7 27.Tg4 Txe6 
28.Da3 h5 29.Td4 De7 30.Tcd1 Dxa3 31.Fxa3 Tee8 32.c5 bxc5 33.Th4 g6 34.Ta4
a6 35.Fc4+ Rg7 36.Tb1 Tc7 37.Fxc5 Txc5 38.Txb7+ Rh6 39.h4 a5 40.Ta7 Te1+ 
41.Rh2 Tee5 42.Tf7 Ch7 43.Fb3 Te8 44.Td4 Tf8 45.Ta7 f5 46.Td6 Cf6 47.a4 f4
48.Tb6 Tc1 49.Ff7 Rg7 50.Fe6+ Rh6 51.Txa5 Td8 52.Tb4 Td6 53.Fb3 Tb1 54.
Tab5 Td3 55.Fc2 Txb4 56.Txb4 Td2 57.Fb3 Tb2 58.Tb7 g5 1-0

[Event "Chess Champions League"]
[Site "Vitoria Gasteiz ESP"]
[Date "2007.11.14"]
[Round "10"]
[White "Polgar, Ju"]
[Black "Topalov, Veselin"]
[Result "0-1"]
[WhiteElo "2708"]
[BlackElo "2769"]
[EventDate "2007.11.02"]

1.e4 c5 2.Cf3 d6 3.d4 cxd4 4.Cxd4 Cf6 5.Cc3 a6 6.Fe3 e5 7.Cb3 Fe6 8.f3 h5 
9.Fe2 Cbd7 10.O-O Tc8 11.Dd2 Fe7 12.a4 Cb6 13.a5 Cc4 14.Fxc4 Txc4 15.Dd3 
Dc8 16.Ca4 Txc2 17.Cb6 Dc7 18.Tfc1 Txc1+ 19.Txc1 Db8 20.f4 O-O 21.f5 Fd7 
22.Fg5 Fc6 23.De2 Dd8 24.Fxf6 Fxf6 25.Td1 Fg5 26.Cc5 Ff4 27.Cd3 Dg5 28.
Cxf4 Dxf4 29.Te1 g6 30.Dd3 gxf5 31.Dxd6 fxe4 32.Cc4 Te8 33.Ce3 Dg5 34.Dc5 
f5 35.Cc4 e3 36.Cxe3 f4 37.Dc4+ Rg7 38.h4 Dg6 39.Cd5 De6 40.Cb6 Dg4 41.Cd5
Dxh4 42.Te2 Dg4 43.Td2 De6 44.Dc5 Dd7 45.Td3 Df7 46.Dd6 Dg6 47.Dc7+ Rh6 
48.Cxf4 exf4 49.Dxf4+ Rh7 50.Tg3 Tf8 51.De5 Tf5 52.Dc7+ Df7 53.Dd6 Td5 54.
Db8 Txa5 55.Dd8 Td5 56.Dh4 Tf5 57.Rh2 Df6 58.Dc4 Tg5 0-1

[Event "Corus A"]
[Site "Wijk aan Zee NED"]
[Date "2008.01.12"]
[Round "1"]
[White "Aronian, Levon"]
[Black "Topalov, Veselin"]
[Result "1-0"]
[WhiteElo "2739"]
[BlackElo "2780"]
[EventDate "2008.01.12"]

1.d4 Cf6 2.c4 g6 3.Cc3 Fg7 4.g3 d5 5.cxd5 Cxd5 6.Fg2 Cb6 7.Cf3 Cc6 8.Ff4 
O-O 9.e3 h6 10.h4 Fg4 11.Tc1 e5 12.dxe5 De7 13.Cd5 Cxd5 14.Dxd5 Cb4 15.Dc4
Fe6 16.Dxc7 Cd3+ 17.Rd2 Db4+ 18.Dc3 Dxc3+ 19.Txc3 Cxf2 20.Cd4 Cxh1 21.Fxh1
Tfd8 22.Tc7 Tac8 23.Txb7 Fxa2 24.Txa7 Fe6 25.Tb7 Ff5 26.Ff3 Tc2+ 27.Re1 
Tc1+ 28.Rf2 Fe6 29.g4 Fc8 30.Tb8 Tf8 31.h5 g5 32.Fg3 Ta1 33.Tb6 Te8 34.Fe2
Fxe5 35.Fxe5 Txe5 36.Txh6 Te4 37.Ff3 Te5 38.Tc6 Fe6 39.Cxe6 fxe6 40.Fe2 
Tb1 41.Tb6 Td5 42.Fc4 Td2+ 43.Rf3 Tbxb2 44.Txe6 Tbc2 45.Tg6+ Rh8 46.Fe6 
Tc6 47.Re4 Td8 48.Rf5 Tc5+ 49.Rf6 Tf8+ 50.Re7 Tf3 51.Ff5 Te5+ 52.Rf7 
Tfxf5+ 53.gxf5 Txf5+ 54.Re6 Ta5 55.e4 Rh7 56.e5 Ta1 57.Txg5 Rh6 58.Tg2 
Rxh5 59.Rf6 Tf1+ 60.Re7 Ta1 61.e6 Rh6 62.Rf7 1-0

[Event "Corus A"]
[Site "Wijk aan Zee NED"]
[Date "2008.01.13"]
[Round "2"]
[White "Topalov, Veselin"]
[Black "Ivanchuk, Vassily"]
[Result "1/2-1/2"]
[WhiteElo "2780"]
[BlackElo "2751"]
[EventDate "2008.01.12"]

1.d4 Cf6 2.c4 e6 3.Cc3 c5 4.d5 exd5 5.cxd5 d6 6.e4 g6 7.h3 Fg7 8.Cf3 a6 9.
a4 Cbd7 10.Fe3 O-O 11.Fe2 De7 12.Cd2 Ce8 13.Cc4 Tb8 14.O-O Ce5 15.Cb6 Cd7 
16.Cxc8 Txc8 17.Te1 Cef6 18.Fg5 Tfe8 19.Ff1 h6 20.Fd2 c4 21.a5 Cc5 22.e5 
dxe5 23.Fxc4 Ted8 24.Tc1 Ce8 25.Ff1 Cd6 26.b4 Cd7 27.b5 axb5 28.Cxb5 Txc1 
29.Dxc1 Cxb5 30.Fxb5 Cf6 31.Db2 Cxd5 32.Db3 Dd6 33.Fc4 Td7 34.Fb5 Td8 35.
Fc4 Td7 36.Fb5 1/2-1/2

[Event "Corus A"]
[Site "Wijk aan Zee NED"]
[Date "2008.01.14"]
[Round "3"]
[White "Polgar, Judit"]
[Black "Topalov, Veselin"]
[Result "1/2-1/2"]
[WhiteElo "2707"]
[BlackElo "2780"]
[EventDate "2008.01.12"]

1.e4 c5 2.Cf3 d6 3.d4 cxd4 4.Cxd4 Cf6 5.Cc3 a6 6.Fe3 e5 7.Cf3 Dc7 8.a4 h6 
9.a5 Fe6 10.Cd5 Cxd5 11.exd5 Fg4 12.Ta4 Fxf3 13.Dxf3 Cd7 14.Fd3 g6 15.Dg3 
Cc5 16.Fxc5 dxc5 17.f4 exf4 18.Dxf4 Dxf4 19.Txf4 Fd6 20.Te4+ Rf8 21.O-O 
Rg7 22.Tfe1 Thd8 23.Fc4 Td7 24.Fb3 Rf8 25.Fa4 Te7 26.Txe7 Fxe7 27.Te3 c4 
28.Tc3 Tc8 29.b3 Tc5 30.Txc4 Txa5 31.Tc8+ Rg7 32.Tc7 Fd6 33.Txb7 Txd5 34.
b4 h5 35.Fb3 Tf5 36.g3 Fe5 37.Rg2 Fd4 38.Td7 Tf2+ 39.Rg1 Fb6 40.Tb7 Tf6+ 
41.Rg2 Fd4 42.Td7 Fc3 43.b5 axb5 44.Td3 b4 45.Tf3 Txf3 1/2-1/2